MARC

LEADER 00000nam0a2200000 4500
001 361397
005 20231102011402.0
035 |a (RuTPU)RU\TPU\retro\18723 
090 |a 361397 
100 |a 20210604d1980 km y0rusy50 ca 
101 0 |a rus 
102 |a RU 
105 |a y z 001zy 
200 1 |a Советско-Китайские отношения в период Японо-Китайской войны 1937-1945  |f А. М. Дубинский 
210 |a Москва  |c Мысль  |d 1980 
215 |a 280 с. 
320 |a Библиография в ссылках 
606 1 |a Внешняя политика СССР  |x История  |z 1941-1945  |2 stltpush  |3 (RuTPU)RU\TPU\subj\66688  |9 82739 
610 1 |a СССР 
610 1 |a Китай 
610 1 |a международные отношения 
610 1 |a японо-китайская война 
610 1 |a японо-китайские отношения 
610 1 |a советско-китайские отношения 
610 1 |a Вторая мировая война 1939-1945 
610 1 |a Великая Отечественная война 1941-1945 
686 |a Т3(2)622-6  |v LBC/SL-A  |2 rubbk 
700 1 |a Дубинский  |b А. М.  |g Александр Маркович 
801 1 |a RU  |b 63413507  |c 20210604 
942 |c BK